000 00846nas a2200289 4500
001 BR0809269
003 BR-BrBNA
005 20231205112702.0
007 ta
008 230509b bl.|||p| |||| 00| 00por d
040 _aBR-BrBNA
_bpor
_cBiblioteca Nacional de Agricultura
041 _a(Pt)
072 _aS01; L01
100 1 _aKuss, F.
100 1 _aRestle, J.
100 1 _aPascoal, L.L.
100 1 _aSantos, A.P. dos
100 1 _aMenezes, L.F.G. de
100 1 _aOsmari, M.P.
245 1 _aDesempenho de vacas de descarte recebendo dietas com ou sem monensina
650 _aVACA DE CORTE
650 _aGANHO DE PESO
650 _aCONSUMO ALIMENTAR
773 0 _tCiência Rural (Brazil)
_xISSN 0103-8478
_g(Jan-Feb 2008), v. 38(1) p. 173-177
_wBR0809269
909 _a202311
_bLúcia
_c55
_dLúcia Elande
942 _2AGRIS
_n0
_cANA
999 _c199370
_d199370